000 00231 a2200097 4500
001 51485
100 _aWelch H J
245 _aTranamerica Delaval Engineering Handbook
260 _aNew York
_bJohn Wiley
_c
090 _c32609
_d32609
942 _aNUST-CAE
_cM
_c25124
999 _c286558
_d286558